000 00789nam a2200229Ia 4500
003 OSt
005 20220923214910.0
006 a|||||r|||| 00| 0
007 ta
008 220922b |||||||| |||| 00| 0 hin d
024 _a173,586
037 _cTextual
040 _aARTS
_cARTS
_bhin
041 _2hin
_ahin
082 _aO152:6M44:9, J8;1
100 _aशर्मा, राजेन्द्र प्रसाद
245 0 _aपंडित बालकृष्ण भट्ट
_b जीवन और साहत्यि
246 _aPanḍit bālakṛuṣhṇa bhaṭṭa: jīvan aur sāhatyi
260 _c1958
942 _hO152:6M44:9, J8;1
_cTEXL
_2CC
999 _c327476
_d327476